[Event "Candidates final"]
[Site "Dortmund"]
[Date "2002.07.19"]
[Round "2"]
[White "Topalov, Veselin"]
[Black "Leko, Peter"]
[Result "0-1"]
[WhiteElo "2745"]
[BlackElo "2722"]
[Annotator "Rogozenco,D"]
[PlyCount "132"]
[EventDate "2002.07.18"]
[EventType "match"]
[EventRounds "4"]
[EventCountry "GER"]
[SourceTitle "CBM 090"]
[Source "ChessBase"]
[SourceDate "2002.09.20"]
[SourceVersion "1"]
[SourceVersionDate "2002.09.20"]
[SourceQuality "1"]

1. e4 {Ftacnik} c5 2. Nf3 Nc6 3. d4 cxd4 4. Nxd4 Nf6 5. Nc3 e5 6. Ndb5 d6 7.
Bg5 a6 8. Na3 b5 9. Bxf6 gxf6 10. Nd5 f5 11. Bd3 Be6 12. O-O Bxd5 13. exd5 Ne7
14. c3 Bg7 15. Qh5 e4 16. Bc2 O-O 17. Rae1 Qc8 18. Kh1 Rb8 $1 {Lately Black
was facing problems in this line and Leko's novelty might change its
evaluation. Black goes for a quick ...b4.} 19. g4 {Ftacnik: 'Topalov is brave
in his desire to refute Leko's successfull idea from his match game against
Shirov.'} (19. f3 {is another principled move, played by Shirov:} b4 20. Nb1
bxc3 21. bxc3 Bxc3 22. Nxc3 Qxc3 23. fxe4 f4 (23... Qxc2 24. exf5 $40) 24. Bb3
Ng6 {Usually if Black can achieve such a domination on the dark squares, he
has no opening problems, to say the least.} 25. Rc1 Qf6 26. Qf5 Qe7 27. Rc4 a5
28. h3 Rb4 29. Rxb4 axb4 30. Bd1 Ra8 31. Rf2 Qa7 32. Rc2 Kg7 33. Kh2 Qe3 $17 {
0-1 Shirov,A-Leko,P/Dortmund 2002 (47)}) 19... b4 20. cxb4 Nxd5 {I have no
doubts both sides analyzed this position very well, Leko having the advantage
of doing it before the tournament though, in opposite to Topalov, who must
have analyzed it only after the game Shirov-Leko, played a few days before the
present game.} (20... Bxb2 $2 21. gxf5 Bxa3 $2 22. Rg1+ Kh8 23. Rxe4 $18 {
is a demonstration of White's potential. Black's main task is to defend
kingside, because usually he has enough possibilities to create counterplay on
the queenside later on.}) 21. gxf5 Kh8 22. Rg1 (22. Bxe4 Nf6 23. Qf3 Rxb4 24.
b3 Rxe4 $5 25. Rxe4 Nxe4 26. Qxe4 Qc5 27. b4 Qc3 28. Nb1 Qb2 $44) 22... Bxb2 {
White's problem is that he cannot open the diagonal b1-h7 for his bishop.} 23.
Qh6 (23. Bxe4 Nf6 24. Qh6 Nxe4 25. Rxe4 Qxf5 $15) 23... Qc3 $1 {White must
play carefully, since at one moment Black might just take the piece on a3.} 24.
Rxe4 Qf6 {Ftacnik: 'Black is applying the same sound strategy of domination on
the dark squares, white Na3 makes a sorry picture.'} 25. Qh3 Rg8 $1 26. Rf1 {
After this move is clear that Black won the theoretical battle. Topalov was in
a must-win situation and it influenced him from taking objective decisions.} (
26. Qb3 Rxg1+ 27. Kxg1 Bxa3 28. Qxd5 (28. Qxa3 Qa1+ 29. Kg2 Rg8+ 30. Kf3 Qh1+
31. Ke2 Rc8 32. Qb2+ Nc3+ 33. Kd2 Qxh2 {is just bad for White}) 28... Bxb4 {
with a high probability of draw was the logical outcome.}) 26... Bxa3 27. Qxa3
Rbc8 {Now Black is better in spite of being a pawn down. All his pieces are
active, while White has no co-ordination at all.} 28. Bd1 Nc3 29. Re3 d5 {
Black has a strong initiative.} 30. Rg3 d4 31. Bf3 d3 32. Qb2 Qd4 33. Rd1 $6 (
33. Qd2 $15) 33... Rxg3 34. hxg3 Rc4 {'!' Ftacnik.} 35. Rf1 d2 36. f6 $5 {
'?' Ftacnik. An interesting practical chance, which almost worked out.} (36.
Qb3 {Ftacnik} Kg7 $1 37. a3 Ne4 $17) 36... Qxf6 (36... Ne4 {is a simple win
for Black:} 37. Qxd4 Rxd4 38. Kg2 Nc3 39. Bd1 Rxb4 $19 40. Kf3 Rb1 41. Ke3 Rxd1
42. Rxd1 Nxd1+ 43. Kxd2 Nxf2) 37. Kg2 Qd4 38. Qc2 {Now Topalov is back in the
game. As it often happens, the pawn on f5 only disturbed white pieces from
creating threats against black king.} Rc7 {'!' Ftacnik.} 39. Qf5 f6 40. Rh1
d1=Q 41. Bxd1 Nxd1 {Black won a piece, but amazingly White has good chances to
escape, since for the moment the knight on d1 is out of play and black king
needs permanent protection (weaknesses on h7 and f6, easy to attack).} 42. Rh4
Qd8 43. Rh6 Rf7 44. Qe6 Rf8 45. Qe4 (45. Qf5 Qe7 (45... Rf7 46. Qe6 Qf8 47. Rh4
$44) 46. Qd3 Qb7+ 47. f3 (47. Kh2 Nxf2 $19) (47. Kg1 Nb2 48. Qc2 $140 Rd8 $19)
47... Nb2 48. Qc2 Qg7 49. Rh1 Rg8 50. g4 f5 51. Qxf5 Nc4 52. Rxh7+ Qxh7 53.
Qf6+ {is an amazing drawish line.}) 45... Qd7 46. Qf3 Kg7 47. Rh5 Nb2 (47...
Rd8 $1 {Ftacnik} 48. Qe4 h6 $17) 48. Rd5 Qe6 49. Rd4 $1 {[%csl Rb2]} Rc8 50.
Re4 Qc6 51. Kh2 Kf8 52. Qf4 {'!' Ftacnik.} Kf7 53. Qf5 Rg8 54. Qxh7+ Rg7 55.
Qh5+ Kf8 56. Qf5 $2 {Overestimating the position. After a skillful play from
Topalov, who being a piece down succeeded to keep the knight out of play and
even win pawn h7, he finally collapses. Probably inspired by the last part of
the game, he decides to continue, missing that Black's extra piece will come
back and only Black has winning chances after that.} (56. Qh8+ Kf7 57. Qh5+ {
would have forced a draw.}) 56... Nc4 $17 {/-+} 57. Re2 (57. Re6 Rh7+ {maybe
being tired Veselin missed this move, which is the only one, but enough for a
win.} 58. Qxh7 Qxe6 $19) 57... Rg5 58. Qh7 Ne5 59. Qh6+ Kg8 {The game is over.
White cannot defend against Black's threats.} 60. Qxg5+ fxg5 61. Rxe5 Qf6 62.
Re2 Qf3 63. Rd2 Kf7 64. a4 Qb3 65. Rd6 Qxa4 66. Rb6 Qa2 0-1

[Event "FRA-chT Gp-A"]
[Site "France"]
[Date "2003.04.03"]
[Round "4.2"]
[White "Berthelot, Yannick"]
[Black "Lautier, Joel"]
[Result "0-1"]
[WhiteElo "2311"]
[BlackElo "2670"]
[Annotator "Rogozenco,D"]
[PlyCount "120"]
[EventDate "2003.01.31"]
[EventType "team"]
[EventRounds "7"]
[EventCountry "FRA"]
[SourceTitle "CBM 095"]
[Source "ChessBase"]
[SourceDate "2003.07.25"]
[SourceVersion "1"]
[SourceVersionDate "2003.07.25"]
[SourceQuality "1"]
[WhiteTeam "Sautron"]
[BlackTeam "Paris NAO"]
[WhiteTeamCountry "FRA"]
[BlackTeamCountry "FRA"]

1. e4 c5 2. Nf3 Nc6 3. d4 cxd4 4. Nxd4 Nf6 5. Nc3 e5 6. Ndb5 d6 7. Bg5 a6 8.
Na3 b5 9. Bxf6 gxf6 10. Nd5 f5 11. c3 Bg7 12. Bd3 Be6 13. Nxb5 {This
positional piece sacrifice leads to an interesting play. For more information
about the line, see the game Koch,J-Philippe,C/Bischwiller 2003 from ChessBase
Magazine 94.} axb5 14. Bxb5 Bd7 15. exf5 O-O 16. O-O Rb8 17. a4 Re8 $146 {
A novelty, preparing the move Nc6-e7, which was impossible immediately because
of 18.f6. Black must do something against the strong knight on d5, that's why
the intention to trade it with Ne7 is called for.} (17... Qg5 18. Ne3 Rfd8 19.
Qxd6 Bf8 20. Qd5 Nb4 21. Qf3 Bxb5 22. axb5 Nd3 23. Ra4 $1 $36 {1-0 Koch,
J-Philippe,C/Bischwiller FRA 2003 (44)}) (17... Ne7 $2 18. f6 Nxd5 19. fxg7 $18
{[%csl Rf8]}) 18. Qg4 (18. Re1 $2 Ne7 $15) 18... Kh8 19. Qh5 e4 (19... Ne7 20.
Qxf7 Nxd5 21. Qxd7 (21. Bxd7 Rf8 22. Qxd5 Qxd7) 21... Nc7 $1 $13) 20. Rad1 (20.
Qxf7 $2 Rf8 $17) (20. f4 $5) (20. f3 $5) 20... Ne5 21. c4 (21. f6 $2 Bxf6 22.
Bxd7 Nxd7) 21... Rg8 {Understandable desire to search for counterplay on the
g-file. However, objectively White is better after it.} (21... Bxb5 22. cxb5
Nd3 (22... Rb7 23. Rfe1 $1 Nd3 24. f6 Bxf6 25. Qf5 Bxb2 26. Rxe4 Rxe4 27. Qxe4
$14) 23. b3 $13 {For the moment White's pawns on the queenside aren't
dangerous, but they certainly have a potential.  I think Black is doing okay
and the position remains playable with both colours.}) 22. Rfe1 $1 Bf8 (22...
Bxb5 23. cxb5 Nd3 24. Rxe4 Nxb2 25. Rh4 h6 26. f6 Bf8 27. Qxh6+ Bxh6 28. Rxh6#)
23. Rxe4 Rg5 24. Qe2 $1 Bxf5 (24... Rxf5 25. Ne3 (25. f4 Bxb5 26. cxb5 Nd7 $13
27. g4 $140 $6 Rxd5 $1 28. Rxd5 Nf6) 25... Qf6 (25... Rf6 26. Rxe5 $1) 26. Bxd7
Nxd7 27. Nxf5 Qxf5 28. Re8 $16) 25. f4 $1 Bg4 26. Qc2 Bxd1 27. Qxd1 Rg8 (27...
f5 {changes little:} 28. Re1 {and Black must give back a piece anyway.}) 28.
fxe5 Qg5 29. Qf1 $16 {Thanks to his material advantage, White is better now,
but Black has practical chances, because White's bishop on b5 might find
itself out of play and unable to defend the king.} Bg7 (29... dxe5 30. Qf6+
Qxf6 31. Nxf6 Bc5+ 32. Kf1 $16) 30. Nf6 (30. exd6 Qg6 31. Rh4 Bxb2 (31... Qxd6
32. b4 $16) 32. d7 $16) 30... dxe5 31. Nxg8 Rxg8 {Black puts all his hopes for
an attack. The presence of opposite-coloured bishops favours Black, of course,
but White must be able to prevent Black's initiative.} 32. h4 (32. c5 f5 33.
Rc4 e4 34. c6 Be5 {with enough counterplay. For instance:} 35. c7 Qh4 36. h3
Rxg2+ 37. Qxg2 Qe1+ 38. Qf1 Qg3+ 39. Qg2 Qe1+ $11) 32... Qg6 33. Qe2 Qd6 (33...
f5 $2 34. Rxe5 Bxe5 35. Qxe5+ Rg7 36. Qe2 $18) 34. Qf3 Qe6 35. Re2 f5 36. Qd5
Qf6 37. c5 e4 38. c6 (38. Bd7 $1 Qxh4 39. Bxf5 (39. c6 Qf4 40. Bxf5 Be5 $132)
39... Rd8 (39... Qf4 40. Rxe4 Qc1+ 41. Kh2 Qh6+ 42. Bh3 $18) (39... Bxb2 40. c6
Rd8 41. Bd7 Qf4 42. Rxb2 Qc1+ 43. Kh2 Qxb2 44. c7 $18) 40. Bd7 Qf4 41. Rxe4
Qc1+ 42. Kh2 Qh6+ 43. Kg3 $18) 38... Rd8 (38... Qxh4 39. c7 $18) 39. Qb3 Qxh4 {
Now Black has a dangerous attack. The concrete threat is Bd4+ followed by Qh1.}
40. g3 Qh3 41. Rh2 Qg4 42. c7 Rd1+ 43. Bf1 Bd4+ 44. Kg2 Rc1 45. Rh4 (45. Rh6
Be5 46. Re6 Rc2+ 47. Qxc2 Qxg3+ 48. Kh1 Qh4+ 49. Kg1 Bd4+ 50. Kg2 Qg4+ 51. Kh2
Qg1+ 52. Kh3 Qg4+ $11) 45... Qg8 46. Qb7 $2 (46. Qxg8+ Kxg8 47. b3 Rxc7 ({
or first} 47... Rc2+) 48. Bc4+ {is still of course easy draw for White.}) 46...
Rc2+ 47. Kh1 Be5 48. Qb8 Qxb8 49. cxb8=Q+ Bxb8 50. Rh5 (50. Rh2 Rc1 51. Rf2 e3
$19) 50... Rf2 51. Bh3 $2 ({More stubborn was} 51. Bc4 {setting a trap:} Kg7 (
51... e3 $2 52. Rg5 $1 {the point of previous move.}) 52. a5 {although after}
Kg6 {it is not clear if White can achieve a draw.} (52... e3 53. Rh2 $1)) 51...
e3 52. Kg1 Ba7 $1 $19 53. Bf1 e2 54. Bxe2 Rxe2+ 55. Kf1 Rf2+ 56. Ke1 Kg7 57. b4
Kg6 58. Rh3 Ra2 59. a5 Bb8 60. Kd1 Be5 0-1

[Event "FRA-chT Gp-B"]
[Site "France"]
[Date "2003.01.31"]
[Round "1.6"]
[White "Koch, Jean Rene"]
[Black "Philippe, Christophe"]
[Result "1-0"]
[WhiteElo "2479"]
[BlackElo "2300"]
[Annotator "Rogozenco,D"]
[PlyCount "87"]
[EventDate "2003.01.31"]
[EventType "team"]
[EventRounds "7"]
[EventCountry "FRA"]
[SourceTitle "CBM 094"]
[Source "ChessBase"]
[SourceDate "2003.05.26"]
[SourceVersion "1"]
[SourceVersionDate "2003.05.26"]
[SourceQuality "1"]
[WhiteTeam "Mulhouse"]
[BlackTeam "Nancy"]
[WhiteTeamCountry "FRA"]
[BlackTeamCountry "FRA"]

1. e4 c5 2. Nf3 Nc6 3. d4 cxd4 4. Nxd4 Nf6 5. Nc3 e5 6. Ndb5 d6 7. Bg5 a6 8.
Na3 b5 9. Bxf6 gxf6 10. Nd5 f5 11. Bd3 ({The following line is important for
understanding later transpositions.} 11. Nxb5 {The theory considers this
sacrifice to be doubtful.} axb5 12. Bxb5 Bd7 (12... Bb7 $1 {A stronger move,
pointed out many years ago by E. Sveshnikov. Black plans to give back some
material (after ...Ra5xb5, then ...Nd4), and develop a strong initiative. In
that case the bishop will play an important role on the long diagonal.}) 13.
exf5 Bg7 {Instead of this Black also has moves like 13...Qg5 or 13...Rb8, in
both cases with unclear play.} 14. c3 {This position appeared in the present
game later. According to the theory Black is doing okay, but it is surely not
a trivial task for Black to find a good, active plan. By the way, according to
statistics, in the practice White has a slight positive score here. That's why
earlier deviations such as 13...Qg5 and 13...Rb8 deserve serious attention,
but especially 12...Bb7 is to be prefered.}) 11... Be6 12. c3 Bg7 ({After} 
12... Bxd5 13. exd5 Ne7 {White can win a pawn with} 14. Nxb5 (14. O-O {is
stronger, transposing to the main line of Sveshnikov Sicilian.}) 14... Bg7 15.
Na3 {but Black has good compensation. White needed two important tempis for
taking the pawn, which is enough to give Black the initiative. The position is
double-edged, with chances for both sides.}) 13. Nxb5 $5 {An interesting piece
sacrifice, the speciality of G.Kuzmin. White us trying to take advantage of
his slightly tricky move order (12.c3).} axb5 {This natural move transposes to
the position mentioned in the comment to White's 11th move, but here Black
cannot make use of improvements mentioned there (12..Bb7 for instance). It
means that the knight sacrifice on 13th move (13.Nxb5) is clearly stronger
than the doubtful 11.Nxb5. On the other hand here Black is not forced to
accept the sacrifice.} ({Probably a better alternative is} 13... Bxd5 14. exd5
Ne7 {see 12...Bxd5.}) 14. Bxb5 Bd7 15. exf5 O-O 16. O-O $13 Rb8 (16... Qg5 $6
17. Nb6) ({With a slightly different move order this position appeared in
Kuzmin,G-Malakhatko,V/Alushta 1999, which continued:} 16... e4 {Most logical
continuation.} 17. Re1 Re8 18. a4 Rc8 (18... Re5 $5) 19. a5 $1 Bxf5 $6 20. Qa4
$1 Ne5 $2 (20... Bd7 21. Nb6 Rc7 $16) 21. Bxe8 Qg5 22. Re3 $18) (16... Kh8 17.
a4 Rg8 18. Qh5 $36) 17. a4 Qg5 {A tempting move, which prevents the move
Qd1-g4. But after White's answer Black will suddenly have problems with pawn
d6. As I mentioned above, Black has problems to find a good plan and from the
practical point of view in my opinion White's chances are better.} (17... Ne7
$2 18. f6 $18) (17... f6 18. Ne3 $14 {/+/-}) (17... Na7 $2 18. Bxd7 Qxd7 19. f6
Bh6 (19... Bh8 20. Ne7+) 20. Qh5 Bd2 21. Rad1 Rxb2 22. Rxd2 Rxd2 23. Qg5+) (
17... Kh8 $5 {The plan with Kh8 and Rg8 might be best option. For instance:}
18. b4 (18. Qh5 $6 Ne7 $1 19. f6 Nxd5 20. fxg7+ Kxg7) 18... Rg8 $13 19. Qh5 Ne7
20. Qxf7 Nxd5 21. Qxd5 Bxf5 $13) 18. Ne3 (18. f4 $5 exf4 19. Rxf4 {[%cal Gf4g4]
}) 18... Rfd8 {An interesting idea to sacrifice a pawn in order to open files
for pieces.} (18... Qf6 19. Nc4 $5 ({White can repeat the position of course
with} 19. Nd5) 19... Qxf5 20. Qxd6 $13) 19. Qxd6 Bf8 (19... Be8 $142 $13) 20.
Qd5 Nb4 21. Qf3 (21. Qxe5 Bxb5 22. axb5 Nd3 23. Qg3 Qxg3 24. hxg3 Nxb2 25. c4
Bc5 {[%cal Gd8d2] is okay for Black}) (21. cxb4 $2 Bxb5 $19) 21... Bxb5 22.
axb5 Nd3 23. Ra4 $1 h5 ({After} 23... Kh8 24. Rg4 Qh6 {White is also better.})
24. h4 $1 Qh6 25. Ra6 $1 {Having an extra piece Black lacks co-ordination and
must make more concessions in fight against White's initiative.} e4 (25... Bd6
26. Nc4 Nc5 27. Qg3+ Kh7 28. Rxd6 Rxd6 29. Qxe5 $16 {/+-}) (25... Rd6 26. Rxd6
(26. Nc4 $18) 26... Bxd6 (26... Qxd6 27. Nc4 Qd8 28. Rd1 $18) 27. Nc4 Nc5 28.
Qc6 Bf8 29. Nxe5 $18) (25... Qg7 26. c4 $14 (26. Qxh5 Nf4 27. Qg5 Qxg5 28. hxg5
Rxb5 {with hopes to survive for Black.})) 26. Qe2 (26. Qxe4 Nc5 (26... Qf4 $6
$16) 27. Rxh6 Nxe4 28. Rxh5 Rxb5 $14 {And Black should be able to make a draw
without major problems.}) 26... Rd6 (26... Qf4 27. Qxh5 $16) (26... Nf4 27. Qc4
Bd6 28. Qxe4 $16 (28. g3 Nd3 {with idea ...Qg7, when Black finally manages to
co-ordinate his pieces.} 29. Qxe4 $2 Nc5)) 27. Nc4 $2 {The knight had to go to
d5, where besides supposrting pawn advances on the queenside, it also controls
the very important square f4.} (27. Rxd6 Bxd6 28. Nd5 $14 {/+/-} Bc5 $140 (
28... Bh2+ 29. Kh1 $1 $16 (29. Kxh2 Qd6+ 30. Kg1 Qxd5 31. Qxh5 $14)) (28...
Rxb5 29. Qxe4 $16) 29. b4 Ba7 30. Qxe4 Nxf2 31. Qe7 $1 $18 Ra8 32. Qb7 {
[%cal Gb5b6]}) 27... Rxa6 28. bxa6 Bc5 $1 29. b4 Ba7 30. b5 {Setting a trap.} (
30. Qxe4 $2 Nxf2 $1 31. Rxf2 (31. Qe7 Qxa6) 31... Qc1+ 32. Kh2 Bxf2 $19) 30...
Rxb5 $2 {Black falls into the trap and loses immediately.} (30... Qf4 31. b6
Bxb6 32. Nxb6 Rxb6 33. Ra1 Rb8 34. f3 $13 {/=}) ({He could finally exploit the
power of his pieces:} 30... Nxf2 $1 31. b6 (31. Rxf2 $2 Rxb5 $36) 31... Rxb6 $1
(31... Bxb6 32. Nxb6 Ng4 33. Nd5 $16) 32. Nxb6 Ng4 $1 $13 (32... Qxb6 33. Rxf2
$18)) 31. Qxe4 $18 {[%csl Ra7,Rb5,Rd3][%cal Ge4e8,Ge4a8]} Nxf2 32. Qa8+ (32.
Qe8+ Kg7 33. Qxb5) 32... Bb8 33. a7 {All over now.} Qf4 34. axb8=R+ Rxb8 35.
Qd5 Re8 36. Nd6 Re7 37. Nxf7 Rxf7 38. Rxf2 Qxh4 39. f6 Qg3 40. Qf3 Qe5 41. c4
Ra7 42. Qd5+ Qxd5 43. cxd5 Kf7 44. Kh2 1-0

[Event "FRA-chT Gp-A"]
[Site "France"]
[Date "2003.04.04"]
[Round "5.3"]
[White "Mullon, Jean Baptiste"]
[Black "Tirard, Hugo"]
[Result "0-1"]
[WhiteElo "2313"]
[BlackElo "2399"]
[Annotator "Rogozenco,D"]
[PlyCount "82"]
[EventDate "2003.01.31"]
[EventType "team"]
[EventRounds "7"]
[EventCountry "FRA"]
[SourceTitle "CBM 095"]
[Source "ChessBase"]
[SourceDate "2003.07.25"]
[SourceVersion "1"]
[SourceVersionDate "2003.07.25"]
[SourceQuality "1"]
[WhiteTeam "Sautron"]
[BlackTeam "Noyon"]
[WhiteTeamCountry "FRA"]
[BlackTeamCountry "FRA"]

1. e4 c5 2. Nf3 Nc6 3. d4 cxd4 4. Nxd4 e5 5. Nb5 d6 6. N1c3 a6 7. Na3 b5 8. Nd5
Nf6 9. Bg5 Be7 10. Bxf6 Bxf6 11. c4 {This move has similar ideas with the main
11.c3 - to bring quickly the knight a3 into play via c2. However, the main
drawback is obvious - square d4 cannot be protected by the pawn anymore.} Nd4
$5 {Immediately using the drawback of White's previous move.} (11... b4 12. Nc2
a5 {[%csl Rf1] is the main continuation after 11.c4, giving Black a good
position. White's bishop is considerably limited in actions by his own pawns
on c4 and e4.}) 12. Nc2 $6 {This natural move allows an unexpected answer.} (
12. cxb5 Bb7 13. Nc3 O-O 14. Bd3 Bg5 $44 {0-1 Borisek,J-Rodriguez,A/San
Agustin 1998 (26)}) 12... Bg4 $1 {Suddenly White must play very precise to
avoid troubles.} 13. Nxf6+ (13. f3 Bh4+ $17) 13... Qxf6 14. Qd2 (14. f3 $2
Nxf3+ 15. gxf3 Bxf3 16. Qd2 Bxh1 $19) 14... O-O 15. Nxd4 (15. Ne3 $2 Be6 {
leaves Black with the strong knight on d4 and clear advantage.}) 15... exd4 16.
f3 $6 (16. Bd3 {was necessary, with good chances to solve opening problems.})
16... Be6 $17 {Black has finished development and is ready to open the
position. White's main task is to find a good shelter for the king as quick as
possible.} 17. O-O-O $6 {Wrong side. With so many open files on the queenside
white king will sooner or later be under attack.} (17. cxb5 {This leads often
to endgames with a pawn up for Black, but was the best chance for White anyway.
} d5 $1 18. exd5 (18. e5 Qxe5+ 19. Be2 d3 20. Qxd3 Qxb2 21. O-O axb5) 18...
Bxd5 19. Be2 (19. bxa6) 19... axb5 20. O-O) 17... bxc4 18. Qxd4 Qg5+ 19. Kb1
Rfc8 {Black has a big advantage. He simply wants to attack on the queenside,
while White's task to defend such a position is very difficult in a practical
game.} 20. Qc3 (20. Qxd6 $2 Rd8 $19) (20. Be2 c3 21. bxc3 Rab8+ 22. Ka1 Bxa2
$19) 20... Rc6 21. Be2 Rb8 22. g3 Qe7 {Starting an interesting attacking plan,
which worked out smoothly in the game.} (22... Rcb6 23. Rd2 a5 (23... Qe5 24.
Qxe5 dxe5 25. Rc1) 24. Rhd1 Qc5 $17) 23. Rd2 a5 24. Rhd1 a4 25. Ka1 Qc7 ({
Too early for} 25... Rb3 $2 26. axb3 axb3 27. Qa5) 26. Rc1 Rb3 $1 27. axb3 $2 (
27. Qd4 $8 Rb5 $5 {[%cal Gf7f5,Ga4a3,Gc4c3]} (27... Rb4 28. Rc3 a3 29. bxa3 (
29. Rxa3 c3 30. Qxb4 c2 31. Ra8+ Bc8 32. Rxc2 Rxc2 33. Bd3 Rc1+ 34. Bb1 Qc2 35.
Rxc8+ Qxc8 36. Qxd6 $13) 29... Rb8 30. Rb2 Rxb2 31. Kxb2 Rb6+ 32. Kc1 h6 $44) (
27... c3 $5 28. axb3 cxd2 29. Rxc6 Qxc6 30. Qxd2 axb3 31. Kb1 $15)) 27... axb3
$19 28. Qb4 (28. Kb1 Qa7 $19) 28... Ra6+ 29. Kb1 Qa7 30. Qa3 Rxa3 31. bxa3 Qe3
$19 32. Rxd6 h5 33. Bxc4 Qf2 34. Bxb3 Bxb3 {The rest is easy.} 35. Rc8+ Kh7 36.
Rdc6 Qa2+ 37. Kc1 Qxa3+ 38. Kd2 Be6 39. R8c7 Qxf3 40. Rc2 Qxe4 41. R2c5 Qh1 0-1